Sports Quiz

Random Sports or Baseball Quiz

Opening Day Lineups: Braves Quiz Stats

 Plays Quiz Updated Apr 4, 2019

Score 0/261 Timer 19:00
0 Plays Today
Year Player % Correct
1995Chipper Jones
97.9%
1997Chipper Jones
97.9%
1998Chipper Jones
97.9%
1999Chipper Jones
97.9%
2000Chipper Jones
97.9%
2001Chipper Jones
97.9%
2002Chipper Jones
97.9%
2003Chipper Jones
97.9%
2004Chipper Jones
97.9%
2005Chipper Jones
97.9%
2006Chipper Jones
97.9%
2007Chipper Jones
97.9%
2008Chipper Jones
97.9%
2009Chipper Jones
97.9%
2006Andruw Jones
97.3%
1998Andruw Jones
97.3%
1999Andruw Jones
97.3%
2000Andruw Jones
97.3%
2001Andruw Jones
97.3%
2002Andruw Jones
97.3%
2004Andruw Jones
97.3%
2003Andruw Jones
97.3%
2005Andruw Jones
97.3%
2007Andruw Jones
97.3%
2010Chipper Jones
96.9%
2011Chipper Jones
96.5%
1993Greg Maddux
92.4%
1994Greg Maddux
92.4%
1995Greg Maddux
92.4%
1996Greg Maddux
92.4%
1998Greg Maddux
92.4%
2000Greg Maddux
92.4%
2003Greg Maddux
92.4%
1992Tom Glavine
92%
1999Tom Glavine
92%
2002Tom Glavine
92%
1991John Smoltz
91.8%
1997John Smoltz
91.8%
2005John Smoltz
91.8%
2007John Smoltz
91.8%
2019Freddie Freeman
89.3%
2019Brian McCann
85.6%
2017Freddie Freeman
85.3%
2006Brian McCann
85.2%
2007Brian McCann
85.2%
2008Brian McCann
85.2%
2009Brian McCann
85.2%
2014Freddie Freeman
85.1%
2010Brian McCann
85%
2016Freddie Freeman
85%
2013Freddie Freeman
84.8%
2015Freddie Freeman
84.8%
2012Brian McCann
84.6%
2011Brian McCann
84.6%
2012Freddie Freeman
84.2%
2011Freddie Freeman
84.2%
2018Freddie Freeman
84.1%
2019Ronald Acuña Jr.
83.6%
1995Javy Lopez
81.3%
1996Javy Lopez
81.3%
1997Javy Lopez
81.3%
1994Javy Lopez
81.3%
1999Javy Lopez
81.3%
2002Javy Lopez
81.3%
2001Javy Lopez
81.3%
2019Nick Markakis
78.6%
2019Ozzie Albies
78.5%
2013Chris Johnson
76.6%
2014Chris Johnson
75.7%
2019Dansby Swanson
75.6%
2019Julio Teheran
75.2%
1991David Justice
74%
1992David Justice
74%
1993David Justice
74%
1994David Justice
74%
1995David Justice
74%
1996David Justice
74%
2015Kelly Johnson
73.8%
2012Jason Heyward
73.7%
2011Jason Heyward
73.7%
2019Josh Donaldson
73.3%
2013Jason Heyward
72.8%
2006Tim Hudson
72.2%
2008Tim Hudson
72.2%
2018Nick Markakis
72.1%
1994Fred McGriff
72%
1996Fred McGriff
72%
Year Player % Correct
1995Fred McGriff
72%
1997Fred McGriff
72%
2010Jason Heyward
71.9%
2019Ender Inciarte
71.7%
2017Julio Teheran
71%
2001Rafael Furcal
70.9%
2002Rafael Furcal
70.9%
2003Rafael Furcal
70.9%
2004Rafael Furcal
70.9%
2005Rafael Furcal
70.9%
2012Dan Uggla
70.8%
2011Dan Uggla
70.8%
2014Jason Heyward
70.6%
2007Kelly Johnson
70.3%
2008Kelly Johnson
70.3%
2009Kelly Johnson
70.3%
2018Julio Teheran
70.3%
2013Dan Uggla
70.2%
2017Nick Markakis
69.9%
2016Julio Teheran
69.5%
2013Andrelton Simmons
69.1%
2013Justin Upton
69%
2013B.J. Upton
69%
2013Tim Hudson
69%
2014Andrelton Simmons
68.7%
2018Ozzie Albies
68.6%
2018Dansby Swanson
68.5%
2015Julio Teheran
68.2%
2014Dan Uggla
67.9%
2017Dansby Swanson
67.2%
2015Andrelton Simmons
67.1%
2016Nick Markakis
67%
2014Justin Upton
66.6%
2014B.J. Upton
66.6%
2018Ender Inciarte
66.4%
2014Julio Teheran
66.2%
2015Nick Markakis
65.3%
2017Ender Inciarte
65.2%
1991Terry Pendleton
64.9%
1992Terry Pendleton
64.9%
1994Terry Pendleton
64.9%
1993Terry Pendleton
64.9%
2004Julio Franco
62.4%
2018Tyler Flowers
62.2%
1993Mark Lemke
61.2%
1994Mark Lemke
61.2%
1995Mark Lemke
61.2%
1997Mark Lemke
61.2%
1996Mark Lemke
61.2%
2009Derek Lowe
59.5%
2017Tyler Flowers
59.5%
2016Ender Inciarte
59.3%
1991Ron Gant
59%
1992Ron Gant
59%
1993Ron Gant
59%
2010Derek Lowe
58.9%
1992Jeff Blauser
58.9%
1993Jeff Blauser
58.9%
1994Jeff Blauser
58.9%
1995Jeff Blauser
58.9%
1996Jeff Blauser
58.9%
1997Jeff Blauser
58.9%
2010Martin Prado
58.4%
1993Otis Nixon
57.9%
1999Otis Nixon
57.9%
2002Gary Sheffield
56.6%
2003Gary Sheffield
56.6%
2002Marcus Giles
56.5%
2005Marcus Giles
56.5%
2003Marcus Giles
56.5%
2004Marcus Giles
56.5%
2006Marcus Giles
56.5%
1991Sid Bream
56.4%
1992Sid Bream
56.4%
1993Sid Bream
56.4%
1997Kenny Lofton
55.2%
1994Ryan Klesko
54.8%
1997Ryan Klesko
54.8%
1996Ryan Klesko
54.8%
1998Ryan Klesko
54.8%
1999Ryan Klesko
54.8%
1998Andres Galarraga
54.6%
2000Andres Galarraga
54.6%
2008Yunel Escobar
54.5%
2009Yunel Escobar
54.5%
2006Jeff Francoeur
54.4%
2007Jeff Francoeur
54.4%
Year Player % Correct
2008Jeff Francoeur
54.4%
2009Jeff Francoeur
54.4%
2010Yunel Escobar
53.9%
2017Matt Kemp
53.8%
2011Alex Gonzalez
53.4%
1991Deion Sanders
53.2%
1992Deion Sanders
53.2%
1994Deion Sanders
53.2%
2000Reggie Sanders
52.7%
2006Edgar Renteria
52.5%
2007Edgar Renteria
52.5%
2008Mark Teixeira
52.2%
2012Martin Prado
51.7%
2011Martin Prado
51.7%
2011Derek Lowe
51.2%
1995Marquis Grissom
50.8%
1996Marquis Grissom
50.8%
2012Michael Bourn
50.4%
2010Troy Glaus
50.1%
2017Adonis Garcia
50%
2016Adonis Garcia
49.9%
2018Preston Tucker
49.5%
1999Brian Jordan
49.2%
2005Brian Jordan
49.2%
2000Brian Jordan
49.2%
2001Brian Jordan
49.2%
2010Melky Cabrera
48%
2016A.J. Pierzynski
48%
2014Evan Gattis
47.5%
2017Brandon Phillips
46.5%
2005Adam LaRoche
46%
2006Adam LaRoche
46%
1998Eddie Perez
45.9%
2000Eddie Perez
45.9%
2012Tommy Hanson
44.1%
2002Vinny Castilla
43.3%
2003Vinny Castilla
43.3%
2010Nate McLouth
43.1%
2008Matt Diaz
42.2%
1998Walt Weiss
41.5%
1999Walt Weiss
41.5%
2000Walt Weiss
41.5%
2015Eric Young, Jr.
41.5%
2016Erick Aybar
40.5%
2015Jace Peterson
40.1%
2012Matt Diaz
40%
2009Garret Anderson
39.5%
2004Russ Ortiz
39.4%
1991Rafael Belliard
39.4%
1992Rafael Belliard
39.4%
2016Jace Peterson
39.1%
2004J.D. Drew
37.8%
2011Nate McLouth
37.5%
2018Ryan Flaherty
37.4%
2004Johnny Estrada
36.2%
2005Johnny Estrada
36.2%
2013Gerald Laird
35.5%
2009Casey Kotchman
35.3%
2015Christian Bethancourt
35.2%
1999Bret Boone
34.9%
1992Greg Olson
34.8%
2012Tyler Pastornicky
34%
1993Damon Berryhill
32.9%
2009Jordan Schafer
31.3%
2006Ryan Langerhans
30.2%
2007Ryan Langerhans
30.2%
1997Michael Tucker
29.3%
1998Michael Tucker
29.3%
2016Hector Olivera
28.6%
2000Quilvio Veras
28.6%
2001Quilvio Veras
28.6%
2003Henry Blanco
28%
1991Jeff Treadway
27.4%
2001B.J. Surhoff
26.1%
2002B.J. Surhoff
26.1%
2015Alberto Callaspo
25.9%
2005Raul Mondesi
25.9%
2001John Burkett
25.8%
1995Mike Kelly
25.4%
2003Robert Fick
24.5%
2004Mark DeRosa
24.3%
2008Mark Kotsay
23.3%
2007Scott Thorman
22.8%
2001Rico Brogna
22.2%
1991Mike Heath
20.8%
1998Tony Graffanino
20.3%
1996Mike Mordecai
19.8%

You're not logged in!

Compare scores with friends on all Sporcle quizzes.
OR
Log In

Sporcle TV

Today on Sporcle TV


Watch our educational content, quiz creation guides, and fun videos on Sporcle TV.

Show Comments

Extras

Top Quizzes Today


Score Distribution

Your Account Isn't Verified!

In order to create a playlist on Sporcle, you need to verify the email address you used during registration. Go to your Sporcle Settings to finish the process.

Report this User

Report this user for behavior that violates our Community Guidelines.

Details: